| 000 | 00804nam a2200169 a 4500 | ||
|---|---|---|---|
| 008 | 120416s1961 ||||||||||||||||| || u | ||
| 050 | _aHB 75 Rol | ||
| 100 | _aRoll, Sir Eric, 1907- | ||
| 245 | 1 | 2 | _aA history of economic thought |
| 250 | _a3rd edition revised | ||
| 260 |
_aLondon _bFaber and Faber _c1961 |
||
| 300 | _a540p. | ||
| 350 | _a0.00 | ||
| 995 |
_aBINDERY (DAMAGED) _D0.00 _e001800 _FCBU-MAIN LIBRARY (Kitwe) _H3 _I0.00 _jHB 75 Rol _UDAMAGED _y001800 _ZMain Library Open Access Collection |
||
| 995 |
_aMAIN LIBRARY OPEN ACCESS _D0.00 _e001798 _FCBU-MAIN LIBRARY (Kitwe) _H1 _I0.00 _jHB 75 Rol _UAVAILABLE _y001798 _ZMain Library Open Access Collection |
||
| 995 |
_aANNEX COLLECTION (Main Library) _D0.00 _e001799 _FCBU-MAIN LIBRARY (Kitwe) _H2 _I0.00 _jHB 75 Rol _UAVAILABLE _y001799 _ZAnnex Low-Usage Collection |
||
| 999 |
_c76306 _d76306 |
||